MDQL
is popping MORE tags! Check the
thread
!
Quizzes
Events
Quiz Creation
Community
Videos
Private Events
Remove Ads
Sign In
Join for FREE
Feedback
Dark Mode
Quiz Categories
Sports
Geography
Music
Movies
Television
Just For Fun
Miscellaneous
History
Literature
Language
Science
Gaming
Entertainment
Religion
Holiday
For Kids
Quiz Lab
Recent
Popular Today
Quiz Kudos Today
Editor Picks
Curator Picks
Quizzes by...
Day
Popularity
Type
Ratings
Length
Year
Community
Subscriptions
Recent Discussions
Orange Saloon
Badges
Playlists
Quests
Create
Leaderboards
Showdown
Live 5
Trivia Bingo
Activity
Puzzle Library
Sporcle Events
Private Events
Virtual Trivia
Globe League
Become a Host
Pub Owners
SporcleCon
Opinionation
Our Games
Videos
Blog
Mobile Apps
Partnerships
Remove Ads and Go Orange
Feedback
Music
Pop Music
The Beatles
Song
Album
Lyrics
Bands
Singers
Artist
Clip
Rock
Rap
Classical
Billboard
Country Music
Kpop
Taylor Swift
Music
Pop Music
The Beatles
Song
Album
Lyrics
Bands
Singers
Artist
Clip
Rock
Rap
Classical
Billboard
Country Music
Kpop
Taylor Swift
Random Quiz
Search Sporcle
×
Quiz Lab
Quiz Lab
Music
Album
Type in answers that appear in a list
Type in answers that appear in a list
Classic
Best Score? Go Orange.
Oasis Songs Stats
Can you name the Oasis Songs?
By
jonesy6478
15m
93 Questions
241 Plays
241 Plays
241 Plays
Comments
Comments
Give Quiz Kudos
Give Quiz Kudos
-
- Ratings
hide this ad
Replay
Link that replays current quiz
Next Quiz
Link to next quiz in quiz playlist
You Got
0%
They Got
Avg Score
58%
Avg Friend Score
Upgrade to see
Score Distribution
Jump to the score distribution portion of the page
Score
0/93
Timer
15:00
0
Plays Today
Album
% Correct
(What's The Story) Morning Glory
Wonderwall
95%
(What's The Story) Morning Glory
Don't Look Back In Anger
92.9%
(What's The Story) Morning Glory
Champagne Supernova
90%
Definitely Maybe
Live Forever
87.6%
The Masterplan
The Masterplan
86.7%
(What's The Story) Morning Glory
Morning Glory
85.5%
Definitely Maybe
Cigarettes And Alcohol
84.6%
Definitely Maybe
Supersonic
83.4%
(What's The Story) Morning Glory
Roll With It
83.4%
(What's The Story) Morning Glory
Hello
82.6%
Definitely Maybe
Slide Away
81.7%
Be Here Now
All Around The World
80.1%
Definitely Maybe
Shakermaker
79.7%
Be Here Now
Be Here Now
78.8%
Definitely Maybe
Married With Children
77.2%
Be Here Now
Stand By Me
76.8%
Definitely Maybe
Rock And Roll Star
76.3%
(What's The Story) Morning Glory
She's Electric
75.9%
Definitely Maybe
Columbia
75.1%
Definitely Maybe
Digsy's Dinner
75.1%
(What's The Story) Morning Glory
Some Might Say
75.1%
Don't Believe The Truth
Lyla
74.3%
(What's The Story) Morning Glory
Cast No Shadow
73.4%
Heathen Chemistry
Songbird
72.6%
Heathen Chemistry
The Hindu Times
72.2%
Heathen Chemistry
Little By Little
71.4%
(What's The Story) Morning Glory
Hey Now
69.3%
Heathen Chemistry
Stop Crying Your Heart Out
69.3%
Don't Believe The Truth
The Importance Of Being Idle
69.3%
(What's The Story) Morning Glory
The Swamp Song
68.5%
(What's The Story) Morning Glory
The Swamp Song
68.5%
Album
% Correct
The Masterplan
The Swamp Song
68.5%
The Masterplan
Acquiesce
68%
Be Here Now
D'You Know What I Mean?
67.2%
Standing On The Shoulder Of Giants
Go Let It Out
67.2%
Standing On The Shoulder Of Giants
****' In The Bushes
65.1%
Standing On The Shoulder Of Giants
Little James
65.1%
Be Here Now
Don't Go Away
64.7%
The Masterplan
Talk Tonight
64.7%
Definitely Maybe
Up In The Sky
63.9%
Be Here Now
Magic Pie
63.1%
Definitely Maybe
Bring It On Down
61.8%
The Masterplan
Half The World Away
60.6%
Be Here Now
The Girl In The Dirty Shirt
58.1%
Be Here Now
My Big Mouth
57.7%
Dig Out Your Soul
The Shock Of The Lightning
57.7%
Standing On The Shoulder Of Giants
Gas Panic
57.3%
Don't Believe The Truth
Let There Be Love
57.3%
The Masterplan
I Am The Walrus
56.4%
Be Here Now
Fade In-Out
56%
The Masterplan
Rockin' Chair
56%
Standing On The Shoulder Of Giants
Sunday Morning Call
55.6%
Standing On The Shoulder Of Giants
Who Feels Love?
54.8%
Be Here Now
I Hope I Think I Know
54.4%
The Masterplan
Fade Away
53.9%
Dig Out Your Soul
I'm Outta Time
51.9%
Standing On The Shoulder Of Giants
Where Did It All Go Wrong
51%
Dig Out Your Soul
Falling Down
51%
Don't Believe The Truth
Mucky Fingers
50.2%
Dig Out Your Soul
Bag It Up
50.2%
Heathen Chemistry
She Is Love
49.4%
The Masterplan
Underneath The Sky
48.5%
Album
% Correct
Be Here Now
It's Getting Better Man
48.1%
Don't Believe The Truth
Turn Up The Sun
48.1%
Heathen Chemistry
Better Man
47.7%
Dig Out Your Soul
Waiting For The Rapture
46.9%
The Masterplan
Headshrinker
46.1%
Heathen Chemistry
Force Of Nature
44.8%
Heathen Chemistry
Born On A Different Cloud
44%
Be Here Now
All Around The World (reprise)
43.6%
The Masterplan
Listen Up
43.6%
Dig Out Your Soul
The Turning
43.6%
Don't Believe The Truth
Guess God Thinks I'm Abel
43.2%
Standing On The Shoulder Of Giants
Roll It Over
42.7%
Standing On The Shoulder Of Giants
I Can See A Liar
42.3%
Dig Out Your Soul
Soldier On
42.3%
Don't Believe The Truth
Part Of The Queue
41.1%
The Masterplan
Stay Young
39.8%
Standing On The Shoulder Of Giants
Put Yer Money Where Yer Mouth Is
39.8%
Heathen Chemistry
Hung In A Bad Place
38.6%
Don't Believe The Truth
A Bell Will Ring
38.2%
Dig Out Your Soul
(Get Off Your) High Horse Lady
38.2%
Heathen Chemistry
A Quick Peep
37.8%
The Masterplan
Going Nowhere
36.9%
The Masterplan
(It's Good) To Be Free
34.4%
Don't Believe The Truth
The Meaning Of Soul
34.4%
Don't Believe The Truth
Love Like A Bomb
34%
Dig Out Your Soul
Ain't Got Nothin
32.8%
Don't Believe The Truth
Keep The Dream Alive
31.5%
Dig Out Your Soul
To Be Where There's Life
31.5%
Dig Out Your Soul
The Nature Of Reality
30.3%
Heathen Chemistry
(Probably) All In The Mind
27.8%
Heathen Chemistry
The Cage
27.4%
Quiz Playlist
Details
Report
Send in Message
Add To Playlist
Classic:
Type in answers that appear in a list
Last Updated: Feb 16, 2017
Quiz Scoreboard
CHALLENGE
Sign Up to Join the Scoreboard
Show All
Scores
Hide
Comments
May contain spoilers
Recently Published
1-10 Letter E Words III
by El_Dandy
Language
2m
Street Fighter Characters
by Artimus82
Gaming
60s
College Basketball Coaching Resumes
by pancakes188
Sports
9m
More to Explore
Quiz From the Vault
Featured Blog Post
Where Did the Easter Bunny Come From?
hide this ad
You Might Also Like...
Tags
Album Quiz
Song Quiz
Oasis
Today's Top Quizzes in Music
Browse Music
hide this ad
Today's Top Quizzes in Album
Browse Album
Top Contributed Quizzes in Music
1
Taylor Swift All Songs (2024)
2
Taylor Swift Logic Puzzle
3
Guess the Artist- 70s Songs
4
7-to-1: Billboard Hot 100 #1 Hits of 2010s
5
Sorting Albums and Songs
6
KPOP LOGIC QUIZ
7
Billboard Blitz: Aretha Franklin
8
Guess the Taylor Swift song (Mystery Song)
9
Guess The Taylor Swift Lyrics Song #1
10
Billboard Blitz: ABBA
Explore More
Trending Topics
Harry Potter
Kpop
Marvel
Disney
Anime
Crossword
NBA
The Office
Country
WWE
Song
Puzzle
NFL
Pokémon
Soccer
hide this ad
More By:
jonesy6478
Quiz
Plays
Rating
Category
Featured
Created
100 Best Selling Songs in UK
1,036
3.21
Music
Sep 24, 2010
NME 100 Best Songs of the 90s
769
3.20
Music
May 15, 2012
NME's 100 Best Songs of the 1980s
527
2.17
Music
May 16, 2012
England Football League Winners
511
2.75
Sports
Sep 21, 2010
FHM Sexiest Women 2010
453
3.33
Entertainment
Aug 14, 2010
Go to Creator's Profile
Score Distribution
Quiz Creator Spotlight
jonesy6478
Follow
Send a Message
Quizzes Created
-
Created Quiz Play Count
-
More By This Creator
Popular Quizzes Today
1
Find the US States - No Outlines Minefield
2
Find the Countries of Europe - No Outlines Minefield
3
The Countries of the World
4
Find the US States
5
Risky Map Clicking: Biggest States A-Z
6
US States
7
Popular People in 1961
8
Movies - When Are They Set?
More Music Quizzes
Which Beethoven Symphony?
Curator's Pick
Trending Quizzes
Risky Map Clicking: Least Populous States A-Z
1-10 Letter G Words
1-10 Letter F Words
Countries of the World: 200 Million BC
Risky Map Clicking: Next State Alphabetically
Recently Updated
Beyoncé Albums
pecheneg
Leaping Animals
pecheneg
Reality TV Shows (A-Z)
bhenderson79
Rickey Henderson's Hall of Fame Teammates
pecheneg
Champions League XIs: Arsenal
pecheneg
Quick Pick: Celebrities in WWE's Hall of Fame
aduchscher
A-Z Keypad Blitz II
pecheneg
Multiple Oscar Actors
pecheneg
Mystery Phrase Blitz: Oscar 'Best Actors'
pecheneg
F. Scott Fitzgerald Novels
LTH
Trending Topics
Marvel
Harry Potter
Anime
Disney
NBA
Crossword
Kpop
Song
NFL
Puzzle
Country
The Office
Soccer
Pokémon
WWE
Your Account Isn't Verified!
In order to create a playlist on Sporcle, you need to verify the email address you used during registration. Go to your
Sporcle Settings
to finish the process.
Report this User
Report this user for behavior that violates our
Community Guidelines
.
Details:
Send Report
Go to the Sporcle.com Mobile Site →
Comments